000 00451nam a2200169Ia 4500
003 GCL
008 140319s9999 xx 000 0 eng d
040 _aGCL /
_cGCL
082 0 4 _a748.59
_bM S
100 1 _aMORRIS, ELIZABETH
245 1 0 _aSTAINED AND DECORATIVE GLASS /
_cMORRIS, ELIZABETH
260 _a[S.N] :
_bTIGER BOOKS INTERNATIONAL ،
_c1987
300 _a128
650 0 4 _aSTAINED, GLASS
650 0 4 _aDECORATIVE GLASS
942 _2ddc
_cBK
999 _c23816
_d23816